01314nam a2200265Ia 4500003000400000005001700004008004100021020002900062040001700091082002100108100002600129245006000155260002800215300001900243440003600262650002400298650002400322942000900346952013600355952013600491952013600627952013600763952013600899999001301035IIN20240208164805.0231217s9999 xx 000 0 und d cRs.495.00a9789350901809 aIINbEnglish a610.730693 bCOR1 aCorreia, Sister Cecy  2aPrinciples & Practice of Nursing /cSister Cecy Correia bJaypeeaNew Delhic2013 axxviii, 603 p. aArt of Nursing ProcedurevVol.11 aFoundationvNursing1 aProcedurevNursing  cBOOK 00102ddc40708PURCHaIINbIINcGENd2023-12-17g495.00l0o610.730693 CORp695r2023-12-17 21:32:24tVol.1/c-1w2023-12-17yBOOK 00102ddc40708PURCHaIINbIINcGENd2023-12-17g495.00l0o610.730693 CORp696r2023-12-17 21:32:24tVol.1/c-2w2023-12-17yBOOK 00102ddc40708PURCHaIINbIINcGENd2023-12-17g495.00l0o610.730693 CORp697r2023-12-17 21:32:24tVol.1/c-3w2023-12-17yBOOK 00102ddc40708PURCHaIINbIINcGENd2023-12-17g495.00l0o610.730693 CORp698r2023-12-17 21:32:24tVol.1/c-4w2023-12-17yBOOK 00102ddc40708PURCHaIINbIINcGENd2023-12-17g495.00l0o610.730693 CORp699r2023-12-17 21:32:24tVol.1/c-5w2023-12-17yBOOK c700d700